People's countries of birth, by the flag of the time (4) - Statistics

General Stats
  • This quiz has been taken 16 times
  • The average score is 7 of 15
Answer Stats
Question Answer % Correct
Gene Simmons, Kiss singer
80%
Robin Gibb, Bee Gees singer
73%
Chopin
60%
Gloria Estafan, singer
60%
Carlos Santana, musician
60%
Eddie Van Halen, guitarist
53%
David Byrne, Talking Heads singer
47%
André Onana, goalkeeper
40%
Louis Theroux, broadcaster and journalist
33%
Eduardo Camavinga, midfielder
33%
Bianca Jagger, wife of Mick
33%
Marc Guéhi, defender
27%
Levi Strauss
20%
Senator John McCain
20%
Fiona Bruce, TV presenter
13%
No matching quizzes found
Score Distribution
Percent of People with Each Score
Percentile by Number Answered
Your Score History
You have not taken this quiz